Текст томруулах:    
Action and knowledge (Бичлэгийн дугаар. 146406)
000 -УДИРДЛАГА
Удирдлага 02016nam a22002537a 4500
003 - ХЯНАЛТЫН ТОО ТОДОРХОЙЛОГЧ
Код MN-UlNUM
005 - БИЧИЛТ ХИЙСЭН ОГНОО
Тухайн бичилтийг бичсэн засварласан сүүлийн огноо 20260310162016.0
008 - ЕРӨНХИЙ МЭДЭЭЛЭЛ
Ерөнхий мэдээлэл 2603101991 nyu b 000 0 eng
020 ## - ISBN
ISBN 0945257317
-- 1853390984
040 ## - БИЧЛЭГ ҮҮСГЭГЧ БАЙГУУЛЛАГА
Бичлэг үүсгэгч номын сангийн код МУИС-ийн номын сан
084 ## - ББК АНГИЛАЛ
Нэмэлт тусгалт Нэг сэдэвт бүтээл
ББК ангилал 60.5
Зохиогчийн гурван тэмдэгт K 62
Мэдлэгийн ялгаа 6 - Нийгэм
245 ## - ҮНДСЭН ГАРЧИГ
Номын нэр Action and knowledge
Бага гарчгийн мэдээ breaking the monopoly with participatory action research
Оролцогчдын тухай мэдээ edited by Orlando Fals-Borda and Muhammad Anisur Rahman
260 ## - ГАРАЛТЫН МЭДЭЭ
Хэвлэгдсэн газар New York
Хэвлэлийн газар Apex Press
Хэвлэгдсэн он 1991
300 ## - МАТЕРИАЛЫН ТОДОРХОЙЛОЛТ
хуудасны тоо viii, 182 p. ;
Хэмжээ 23 cm.
500 ## - Тайлбар
Дансны дугаар БС 4432
505 ## - Агуулгын тэмдэглэгээ
Агуулгын тэмдэглэгээ Action and Knowledge draws on twenty years of experience with the techniques and philosophy of Participatory Action-Research (PAR). PAR is an innovative approach to economic and social change, which goes beyond usual institutional boundaries in development by actively involving the people in generating knowledge about their own condition and how it can be changed. PAR requires a strong commitment by participating social scientists to deprofessionalize their expertise and share it with the people, while recognizing that the communities directly involved have the critical voice in determining the direction and goals of change as subjects rather than objects.
PAR has its origins in the work of Third World social scientists more than three decades ago as they brought new ways to empower the oppressed by helping them to acquire reliable knowledge on which to construct countervailing power. It has since spread throughout the world, as reflected in this book with contributions from Asia, Africa Latin America and North America in the form of case studies of actual experience with the PAR approach.
PAR is not static and fixed but dynamic and enduring, as the case studies and the theoretical chapters that precede and follow the case studies amply reveal.
546 ## - ХЭЛНИЙ ТУХАЙ МЭДЭЭ
Хэл Англи хэл дээр,
653 ## - Түлхүүр үг
Түлхүүр үг action research
653 ## - Түлхүүр үг
Түлхүүр үг social participation
700 ## - ХАМ ЗОХИОГЧИД
Ба бус Rahman, Md. Anisur
700 ## - ХАМ ЗОХИОГЧИД
Ба бус Fals-Borda, Orlando
942 ## - ЭЛЕМЕНТИЙН ТӨРӨЛ
Зүйлийн төрөл Ном